000 00527nam a2200181 4500
001 148312
003 ES-MaACL
005 20230906202540.0
007 t|
008 070214s1973 sp r ||||1| spa d
100 1 _aStorr, Anthony.
_9108336
245 1 0 _aSobre la violencia /
_cAnthony Storr ; [traducción: Rolando Hanglin].
250 _a[1ª ed.].
260 _aBarcelona :
_bKairós,
_c[1973] (
_fVíctor)
300 _a126 p. ;
_c20 cm.
700 1 _aHanglin, Rolando.
_961726
852 _aES-MaACL
_jC-56150
_bR.88794
999 _c148312
_d148312